000 004820000a22001690004500
003 MACL
005 20151229132908.0
008 151229b xxu||||| |||| 00| 0 eng d
040 _aMACL
_cMACL
041 _aEnglish
082 _a181.45/UDU
100 _aUdupa, K N
_923867
245 _aDisorders of Stress and Their Management By Yoga
_bA Study of Neurohumoral Response
260 _bBanaras Hindu University
_c1978
650 _aPhilosophy
_923868
942 _cBK
_k181.45/UDU
_2ddc
999 _c37859
_d37859